| 000 | 00828nam a2200241 a 4500 | ||
|---|---|---|---|
| 001 | 69377 | ||
| 003 | BD-RjUL | ||
| 005 | 20211209081858.0 | ||
| 008 | 170411s1977 ja b 000 0 eng | ||
| 020 |
_a0870404032 : _cY2500 ($10.95 U.S.) |
||
| 035 | _a(BD-RjUL)69588 | ||
| 040 |
_aDLC _cDLC _dBD-RjUL _beng |
||
| 041 | _aeng | ||
| 082 | 0 | 0 |
_a016.952 _223 _bGUI 1977 |
| 245 | 0 | 0 |
_aGuides to Japanese culture / _cedited by Murakami Hyoe and Edward G. Seidensticker |
| 260 |
_aTokyo : _bJapan Culture Institute ; _aElmsford, N.Y. : _bdistributor, Japan Publications Trading Co., _c1977. |
||
| 300 |
_ax, 209 p. ; _c22 cm. |
||
| 651 | 0 |
_aJapan _xCivilization _xBibliography. _9205529 |
|
| 700 |
_aMurakami, Hyoe _9205530 |
||
| 700 |
_aSeidensticker, Edward G. _9205531 |
||
| 710 | 2 |
_aNihon Bunka Kenkyūjo. _9205532 |
|
| 942 |
_2ddc _cBK |
||
| 999 |
_c69377 _d69377 |
||